000 00590nam a22001457a 4500
020 _a978-0-00-733656-2
082 _a823
_bTEA/B
100 _aTEARNE, ROMA
245 _aBRIXTON BEACH
260 _aLONDON
_bHARPER COLLINS
_c2009
300 _a409
520 _aWhen the terrorist bombs bring London to a standstill in July 2005, a doctor heads out in frantic search. He can't find her, and he knows she can't call him. Summary: An exiled Sri Lankan's search for personal identity told with an artist's eye for visual metaphor and language.
650 _aNOVEL
_zUNITED KINGDOM
942 _cBK
999 _c4034
_d4034